[Event "ICS rated blitz match"]
[Site "204.178.125.65"]
[Date "2000.06.05"]
[Round "?"]
[White "Hossa"]
[Black "PostModernist"]
[Result "0-1"]
[WhiteElo "2438"]
[BlackElo "2647"]
[PlyCount "176"]
[EventDate "2000.??.??"]

1. e4 c5 2. Nf3 d6 3. c3 Nf6 4. Bd3 Nc6 5. O-O Bg4 6. Bc2 g6 7. d3 Bg7 8. Be3
O-O 9. Nbd2 e5 10. Ba4 Qe7 11. Bg5 Rfd8 12. Nc4 h6 13. Bh4 g5 14. Bg3 Nh5 15.
Ne3 Nxg3 16. fxg3 Be6 17. Qe2 Qd7 18. Bb3 Bxb3 19. axb3 Ne7 20. Qf2 Qe6 21. Nd2
b6 22. Ra6 d5 23. Rfa1 d4 24. cxd4 exd4 25. Nec4 Nc8 26. b4 cxb4 27. Rf1 Qd7
28. Nf3 Qb7 29. Raa1 b5 30. Na5 Qd7 31. Ne1 Rf8 32. Nc2 Nd6 33. g4 Qxg4 34. Nc6
f5 35. e5 Nf7 36. e6 Nd6 37. Ne7+ Kh7 38. h3 Qh4 39. Qxh4 gxh4 40. Nxb4 a5 41.
Nbc6 Rfe8 42. Rac1 Ra6 43. Rfe1 h5 44. Rc2 Rf8 45. Kh2 b4 46. Rc5 Re8 47. Ra1
Bf8 48. Nd5 Ne4 49. Rcxa5 Rxc6 50. dxe4 Rcxe6 51. exf5 Bd6+ 52. Kg1 Re1+ 53.
Rxe1 Rxe1+ 54. Kf2 Bg3+ 55. Kf3 Kh6 56. Rc5 d3 57. Ne3 Re2 58. Ke4 Bf2 59. Rc6+
Kg7 60. Rc7+ Kf8 61. Kxd3 Rxe3+ 62. Kc4 Re4+ 63. Kb3 Rf4 64. f6 Rxf6 65. Kxb4
Rg6 66. Ka4 Rxg2 67. Rc2 Kf7 68. b4 Rh2 69. b5 Bg3 70. Rxh2 Bxh2 71. b6 Ke6 72.
Kb4 Ke5 73. b7 Ke4 74. Kc5 Kf3 75. Kc6 Kg2 76. Kd5 Kxh3 77. Ke4 Kg2 78. Ke3 Bb8
79. Ke4 h3 80. Kf5 h2 81. Kg5 h1=Q 82. Kf6 Qf1+ 83. Ke6 Qc4+ 84. Kf6 h4 85. Kg5
Qf7 86. Kxh4 Qg7 87. Kh5 Bf4 88. Kh4 Qg5# {Hossa checkmated} 0-1

[Event "ICS rated blitz match"]
[Site "204.178.125.65"]
[Date "2000.06.05"]
[Round "?"]
[White "PostModernist"]
[Black "Hossa"]
[Result "0-1"]
[WhiteElo "2654"]
[BlackElo "2431"]
[PlyCount "106"]
[EventDate "2000.??.??"]

1. d4 Nf6 2. c4 c5 3. d5 g6 4. Nc3 Bg7 5. Nf3 O-O 6. Bg5 d6 7. e3 Na6 8. Be2
Bf5 9. O-O Nc7 10. Bd3 Bg4 11. h3 Bd7 12. e4 Rb8 13. Qe2 e5 14. Rfe1 Qe7 15.
Qe3 b5 16. cxb5 Bxb5 17. Nxb5 Nxb5 18. Nd2 Nd4 19. Nc4 a5 20. b3 Qd8 21. f4
exf4 22. Qxf4 Nh5 23. Qd2 f6 24. Bh4 g5 25. Bf2 f5 26. e5 Nf4 27. Bxd4 cxd4 28.
Nxa5 dxe5 29. Nc6 Qd6 30. Nxb8 Qxb8 31. Rac1 e4 32. Bc4 Qd6 33. Rf1 d3 34. Kh1
Ne2 35. Rf2 Ng3+ 36. Kg1 f4 37. Qa5 e3 38. Rff1 f3 39. gxf3 Nxf1 40. Qc7 Qxc7
41. d6+ Qxc4 42. bxc4 d2 43. Rd1 e2 44. Rxd2 Nxd2 45. Kf2 Re8 46. Ke1 Nxc4 47.
f4 gxf4 48. a4 Bc3+ 49. Kf2 Nd2 50. Kg2 f3+ 51. Kg3 Re4 52. Kh2 Be5+ 53. Kh1
e1=Q# 0-1

[Event "ICS rated blitz match"]
[Site "204.178.125.65"]
[Date "2000.06.05"]
[Round "?"]
[White "Hossa"]
[Black "MissSilicon"]
[Result "1-0"]
[WhiteElo "2456"]
[BlackElo "2668"]
[PlyCount "101"]
[EventDate "2000.??.??"]

1. e4 e6 2. Nf3 d5 3. exd5 exd5 4. Bb5+ c6 5. Be2 Nf6 6. O-O Bd6 7. Nc3 O-O 8.
d3 b5 9. Be3 Ng4 10. Bg5 f6 11. Bd2 b4 12. Na4 Re8 13. Re1 Qa5 14. c4 dxc4 15.
d4 Kh8 16. h3 Nh6 17. Bxc4 Rxe1+ 18. Qxe1 Bd7 19. b3 Na6 20. Bxh6 gxh6 21. Qd2
Kg7 22. Qd3 Bf5 23. Qe2 Nc7 24. Re1 Re8 25. Qf1 Re4 26. Re3 Nd5 27. Rxe4 Bxe4
28. Qe2 f5 29. Ne5 Nf4 30. Qe3 Ng6 31. Nd7 Bd5 32. Bxd5 Qxd5 33. Nac5 Nf4 34.
f3 Kh8 35. Kh1 Qg8 36. Qf2 Qg7 37. Qd2 Nh5 38. Qe3 Ng3+ 39. Kg1 Ne2+ 40. Qxe2
Qxd4+ 41. Kf1 Bxc5 42. Qe5+ Qxe5 43. Nxe5 Kg7 44. Ke2 a6 45. Kd3 Bb6 46. Nxc6
Bc5 47. Kc4 Bd6 48. Nxb4 Bxb4 49. Kxb4 Kg6 50. Ka5 Kg5 51. b4 {
MissSilicon resigns} 1-0

[Event "ICS rated blitz match"]
[Site "204.178.125.65"]
[Date "2000.06.05"]
[Round "?"]
[White "MissSilicon"]
[Black "Hossa"]
[Result "1/2-1/2"]
[WhiteElo "2643"]
[BlackElo "2481"]
[PlyCount "164"]
[EventDate "2000.??.??"]

1. d4 Nf6 2. c4 c5 3. d5 g6 4. Nc3 Bg7 5. g3 d6 6. Bg2 O-O 7. Nf3 Bf5 8. O-O
Na6 9. Nh4 Bg4 10. f3 Bc8 11. a3 e6 12. e4 Qe7 13. Qd3 Nc7 14. Be3 exd5 15.
cxd5 b6 16. Rfd1 Ba6 17. Qd2 Bc4 18. Bg5 Bb3 19. Re1 Qe5 20. Rac1 Rad8 21. Ne2
Rfe8 22. Kh1 Qe7 23. Rc3 Ba4 24. b3 Bb5 25. Rc2 Ba6 26. Qc1 Nb5 27. Rd1 Qd7 28.
a4 Nc7 29. Nc3 b5 30. axb5 Nxb5 31. Nxb5 Bxb5 32. Ra2 a6 33. Kg1 Rb8 34. Kh1
Qe7 35. Bh3 Qa7 36. Ng2 Bd7 37. Bxd7 Nxd7 38. Qc4 Ne5 39. Qc3 Qb7 40. Rb1 f5
41. Bf4 fxe4 42. fxe4 Rf8 43. Qa5 Ra8 44. Qc3 Qe7 45. Re1 Nf7 46. Qd3 g5 47.
Be3 Ne5 48. Qb1 Ng4 49. Bg1 Bc3 50. Rc1 Rf3 51. Ne3 Nxe3 52. Rxc3 Rf1 53. Qd3
Re1 54. h3 Rf8 55. Kh2 Nf1+ 56. Kh1 Qd7 57. g4 Qe7 58. Rcc2 Rf4 59. Rg2 Ne3 60.
Rg3 Rxe4 61. Qxa6 Qf8 62. Qc6 Re8 63. Rf2 Qe7 64. Rgf3 Rd8 65. b4 cxb4 66. Qb6
Nxd5 67. Qa5 Nf4 68. Qxb4 Ne2 69. Rg2 Nxg1 70. Rxg1 Qe2 71. Qb7 Rxg1+ 72. Kxg1
Kh8 73. Rf7 Qe1+ 74. Kg2 Qd2+ 75. Kg1 Qc2 76. Qe7 Qc5+ 77. Rf2 Rb8 78. Qf6+ Kg8
79. Qf7+ Kh8 80. Qf6+ Kg8 81. Qf7+ Kh8 82. Qf6+ Kg8 1/2-1/2

[Event "ICS rated standard match"]
[Site "204.178.125.65"]
[Date "2000.06.05"]
[Round "?"]
[White "MissSilicon"]
[Black "Hossa"]
[Result "1-0"]
[WhiteElo "2423"]
[BlackElo "2372"]
[PlyCount "145"]
[EventDate "2000.??.??"]

1. f4 d5 2. Nf3 Nf6 3. b3 d4 4. c3 c5 5. Qc2 Nc6 6. e3 Bd7 7. cxd4 cxd4 8. Nxd4
Nxd4 9. exd4 Bc6 10. Bb2 Rc8 11. Nc3 Qxd4 12. Nb5 Qb6 13. Bd4 Qd8 14. Qb2 Be4
15. Nxa7 Rc2 16. Bb5+ Nd7 17. Qb1 e5 18. O-O exd4 19. Re1 Qe7 20. Nc8 Qc5 21.
Rxe4+ Kd8 22. b4 Qxc8 23. Rxd4 Rc7 24. Qb3 Be7 25. Re1 Bf6 26. Rde4 Rc1 27.
Qxf7 Rxe1+ 28. Rxe1 Qc7 29. Kh1 Kc8 30. Bxd7+ Qxd7 31. Rc1+ Kd8 32. Qh5 b6 33.
d3 Re8 34. h3 Bb2 35. Rc4 Qxd3 36. Qb5 Qd6 37. Qf5 Qd7 38. Qxh7 Re1+ 39. Kh2
Bf6 40. Qc2 Bd4 41. Kg3 b5 42. Rc6 Re6 43. Rxe6 Qxe6 44. Kf3 Qe3+ 45. Kg4 Qc3
46. Qb1 Qd2 47. g3 Qe2+ 48. Kf5 Qf3 49. Qb3 Qxb3 50. axb3 Ke7 51. Kg6 Kf8 52.
g4 Bf2 53. f5 Bh4 54. g5 Ke7 55. Kh5 Bg3 56. Kg6 Be5 57. h4 Bc3 58. Kh7 Kf8 59.
f6 gxf6 60. g6 f5 61. h5 Bg7 62. h6 Bc3 63. g7+ Kf7 64. g8=Q+ Ke7 65. Kg6 Bxb4
66. Qg7+ Ke6 67. h7 Be7 68. h8=Q Kd7 69. Qd4+ Kc7 70. Qc3+ Kb6 71. Qb8+ Ka6 72.
Qa1+ Ba3 73. Qxa3# {Hossa checkmated} 1-0

[Event "ICS rated blitz match"]
[Site "204.178.125.65"]
[Date "2000.06.05"]
[Round "?"]
[White "Hossa"]
[Black "StrongBach"]
[Result "1-0"]
[WhiteElo "2488"]
[BlackElo "1767"]
[PlyCount "77"]
[EventDate "2000.??.??"]

1. e4 g5 2. d4 e6 3. Nf3 g4 4. Ne5 Nf6 5. Bg5 h5 6. Nxf7 Kxf7 7. e5 Bg7 8. Nd2
Kf8 9. Ne4 d6 10. exf6 Bh6 11. Qd2 Bxg5 12. Qxg5 Qd7 13. Bb5 c6 14. Bd3 d5 15.
Nd6 Na6 16. Bxa6 bxa6 17. O-O-O Qc7 18. Rd2 a5 19. Re2 Qd7 20. Rxe6 Rh7 21. f7
Rxf7 22. Rh6 Rh7 23. Rf6+ Rf7 24. Nxf7 Qxf7 25. Qh6+ Kg8 26. Rxf7 Kxf7 27. Qxc6
Rb8 28. Qc7+ Kg6 29. Qd6+ Be6 30. Qxe6+ Kh7 31. Qxd5 a4 32. Qxh5+ Kg8 33. Qxg4+
Kf8 34. Qf4+ Ke7 35. Re1+ Kd7 36. Qf5+ Kc6 37. Qc5+ Kb7 38. Re7+ Ka6 39. Rxa7#
1-0

[Event "ICS rated bullet match"]
[Site "204.178.125.65"]
[Date "2000.06.05"]
[Round "?"]
[White "JSBach"]
[Black "Hossa"]
[Result "1/2-1/2"]
[WhiteElo "2013"]
[BlackElo "2290"]
[PlyCount "317"]
[EventDate "2000.??.??"]

1. d4 Nf6 2. Bf4 g6 3. e3 Nc6 4. d5 Nb4 5. Nc3 e6 6. e4 exd5 7. exd5 Qe7+ 8.
Be2 Qc5 9. Be3 Qa5 10. Bc4 b5 11. Bb3 Bg7 12. a4 Nfxd5 13. Bxd5 Bxc3+ 14. bxc3
Nxd5 15. Qxd5 Qxc3+ 16. Ke2 Qxc2+ 17. Kf3 Qc6 18. Qxc6 dxc6 19. axb5 cxb5 20.
Rxa7 Rxa7 21. Bxa7 O-O 22. Bc5 Re8 23. Kg3 Re1 24. Bb4 Re4 25. Bd2 Rg4+ 26. Kf3
f5 27. Ke3 Rxg2 28. Bb4 Rg4 29. f4 Bb7 30. Nf3 g5 31. Rb1 Bxf3 32. Kxf3 Rxf4+
33. Kg3 c6 34. Bc5 Rc4 35. Bd6 f4+ 36. Kf3 Rd4 37. Bc5 Rd3+ 38. Ke4 Rd2 39. h4
Rc2 40. Bd4 Re2+ 41. Kf3 Rd2 42. Rb4 gxh4 43. Kg4 h5+ 44. Kxf4 h3 45. Ke3 h2
46. Rb1 Rg2 47. Rh1 b4 48. Be5 h4 49. Bxh2 b3 50. Be5 b2 51. Rb1 h3 52. Bxb2
Rg5 53. Kf4 Rg2 54. Bd4 h2 55. Rh1 c5 56. Bxc5 Rc2 57. Bd4 Rc4 58. Ke4 Ra4 59.
Rxh2 Kf7 60. Rh6 Ra3 61. Be5 Ra4+ 62. Kf5 Rc4 63. Rh7+ Kf8 64. Rd7 Rc5 65. Rb7
Rc4 66. Ke6 Rc6+ 67. Bd6+ Kg8 68. Kd5 Rc1 69. Rd7 Rd1+ 70. Kc4 Rc1+ 71. Kd4 Kh8
72. Be5+ Kg8 73. Ke4 Re1+ 74. Kd5 Rd1+ 75. Bd4 Re1 76. Rb7 Kf8 77. Bg7+ Kg8 78.
Be5 Rc1 79. Bd6 Rd1+ 80. Ke6 Rc1 81. Be5 Rc6+ 82. Kf5 Rc4 83. Ra7 Kf8 84. Rh7
Rc2 85. Bd6+ Kg8 86. Re7 Rf2+ 87. Ke6 Rf8 88. Rc7 Ra8 89. Kd5 Ra5+ 90. Kc6 Ra6+
91. Kc5 Ra5+ 92. Kb6 Ra1 93. Re7 Rb1+ 94. Kc6 Rc1+ 95. Bc5 Kh8 96. Kd5 Rd1+ 97.
Bd4+ Kg8 98. Rg7+ Kf8 99. Rh7 Kg8 100. Re7 Kf8 101. Rc7 Re1 102. Be5 Rb1 103.
Ke6 Rb6+ 104. Kf5 Rb5 105. Ra7 Rc5 106. Rd7 Ke8 107. Rb7 Kd8 108. Kg5 Rxe5+
109. Kf6 Rh5 110. Ke6 Kc8 111. Ra7 Kd8 112. Rd7+ Ke8 113. Rc7 Kf8 114. Kf6 Ke8
115. Kg6 Rh4 116. Rb7 Kf8 117. Rd7 Ke8 118. Rc7 Kf8 119. Kg5 Rh3 120. Kf5 Kg8
121. Ke4 Kh8 122. Rf7 Kg8 123. Re7 Kh8 124. Rb7 Kg8 125. Ra7 Kh8 126. Rc7 Kg8
127. Kd4 Kh8 128. Rd7 Kg8 129. Kc4 Kh8 130. Re7 Kg8 131. Kd5 Kh8 132. Kd4 Kg8
133. Kc4 Kh8 134. Rd7 Kg8 135. Kc5 Kh8 136. Rb7 Kg8 137. Re7 Kh8 138. Rd7 Kg8
139. Kb5 Kh8 140. Rf7 Kg8 141. Ra7 Kh8 142. Rd7 Kg8 143. Kb4 Kh8 144. Rc7 Kg8
145. Re7 Kh8 146. Rb7 Kg8 147. Rc7 Kh8 148. Kc4 Rh2 149. Rf7 Kg8 150. Rb7 Kh8
151. Kc5 Kg8 152. Ra7 Kh8 153. Rf7 Kg8 154. Re7 Kh8 155. Kc6 Kg8 156. Kd6 Kh8
157. Rf7 Kg8 158. Ke6 Re2+ 159. Kf6 1/2-1/2

[Event "ICS rated standard match"]
[Site "204.178.125.65"]
[Date "2000.06.05"]
[Round "?"]
[White "DJ-6"]
[Black "Hossa"]
[Result "1-0"]
[WhiteElo "2455"]
[BlackElo "2358"]
[PlyCount "101"]
[EventDate "2000.??.??"]

1. e4 e5 2. Nf3 Nc6 3. Bb5 Nd4 4. Nxd4 exd4 5. O-O Bc5 6. c3 c6 7. Ba4 d6 8. b4
Bb6 9. Bb2 d3 10. Qf3 Nf6 11. Qxd3 Qe7 12. c4 O-O 13. Nc3 Qe5 14. a3 Ng4 15.
Qg3 Qxg3 16. hxg3 Ne5 17. Ne2 Nxc4 18. Bc3 Bg4 19. Nf4 Rfe8 20. Bb3 g5 21. Nh3
Bxh3 22. gxh3 Ne5 23. Kg2 Ng6 24. f3 h5 25. d3 h4 26. Bd2 Bd4 27. Rad1 Be5 28.
gxh4 gxh4 29. f4 Bb2 30. a4 Kg7 31. f5 Ne7 32. Rf4 Rh8 33. Rg4+ Kf8 34. Bg5 Bc3
35. b5 cxb5 36. axb5 a5 37. bxa6 bxa6 38. Rc1 Bd4 39. e5 Bxe5 40. d4 Nxf5 41.
dxe5 dxe5 42. Rc7 Rh7 43. Bc2 Rh5 44. Bxf5 Rxg5 45. Rxg5 Rd8 46. Bh7 Rd2+ 47.
Kf1 Rd1+ 48. Ke2 Rd7 49. Rxd7 Ke8 50. Ra7 f6 51. Rg8# {Hossa checkmated} 1-0

[Event "ICS Rated standard match"]
[Site "204.178.125.65"]
[Date "2000.06.05"]
[Round "?"]
[White "Hossa"]
[Black "chess-bomber"]
[Result "1-0"]
[WhiteElo "2355"]
[BlackElo "2065"]
[PlyCount "77"]
[EventDate "2000.??.??"]

1. e4 g6 2. d4 Bg7 3. Nc3 d6 4. Be2 Nd7 5. Nf3 c6 6. O-O Qc7 7. Bg5 b5 8. a3
Bb7 9. Re1 a6 10. Qd2 h6 11. Bf4 e5 12. Be3 Ngf6 13. d5 c5 14. Qc1 Ng4 15. Bd2
Kf8 16. Qb1 Kg8 17. b3 Rf8 18. Qa2 f5 19. Nh4 h5 20. Nxg6 f4 21. Nxf8 Bxf8 22.
g3 fxg3 23. fxg3 Ndf6 24. Rf1 h4 25. gxh4 Rxh4 26. Be1 Rxh2 27. Rxf6 Qg7 28.
Bxg4 Qxg4+ 29. Kxh2 Be7 30. Rf2 Bg5 31. Rg2 Qh5+ 32. Kg1 Kf7 33. Bd2 Bh4 34.
Rf1+ Ke8 35. Rg8+ Kd7 36. Rg7+ Kc8 37. Rf8+ Bd8 38. Bg5 Qg4+ 39. Kf2 1-0

[Event "ICS rated bullet match"]
[Site "204.178.125.65"]
[Date "2000.06.05"]
[Round "?"]
[White "Hossa"]
[Black "JSBach"]
[Result "1-0"]
[WhiteElo "2279"]
[BlackElo "2042"]
[PlyCount "63"]
[EventDate "2000.??.??"]

1. e4 e5 2. Nf3 Nf6 3. Nxe5 d6 4. Nf3 Nxe4 5. Qe2 d5 6. d3 Bf5 7. Nd4 Bg6 8.
dxe4 Bxe4 9. f3 Qh4+ 10. Kd1 Bc5 11. Nf5 Qf6 12. fxe4 O-O 13. Nd2 Rd8 14. c3 d4
15. cxd4 Bxd4 16. Kc2 Bc5 17. Nf3 Qe6 18. Bd2 Nd7 19. g4 Nf6 20. Ng5 Qc6 21.
Bc3 h6 22. Bxf6 Qxf6 23. Nf3 Qg6 24. Rc1 Qxg4 25. Kb1 b6 26. Rxc5 bxc5 27. Rg1
Qf4 28. Rxg7+ Kf8 29. Rh7 Ke8 30. Qb5+ c6 31. Qxc6+ Kf8 32. Rh8# {
JSBach checkmated} 1-0

[Event "ICS Rated standard match"]
[Site "204.178.125.65"]
[Date "2000.06.05"]
[Round "?"]
[White "RudiLenz"]
[Black "Hossa"]
[Result "0-1"]
[WhiteElo "2152"]
[BlackElo "2360"]
[PlyCount "102"]
[EventDate "2000.??.??"]

1. d4 Nf6 2. Nf3 d5 3. c4 e6 4. Nc3 c6 5. e3 Nbd7 6. cxd5 exd5 7. Bd3 Be7 8.
O-O O-O 9. Bd2 Bd6 10. Qb1 Qe7 11. Re1 Qd8 12. b4 Qc7 13. Rc1 a6 14. a4 Rb8 15.
b5 Nb6 16. h3 Re8 17. a5 Nc4 18. b6 Qe7 19. Bxc4 dxc4 20. Ra4 g6 21. Rxc4 Bf5
22. Qa1 Be6 23. d5 Nxd5 24. Ne4 Bf5 25. Nxd6 Qxd6 26. Bc3 Nxc3 27. Qxc3 Rbc8
28. Rd4 Qf6 29. Qc5 Rcd8 30. Rcd1 Rxd4 31. Rxd4 Bxh3 32. Nd2 Qf5 33. Qxf5 Bxf5
34. e4 Be6 35. f4 c5 36. Rd6 Rc8 37. Nb1 c4 38. Nc3 Rc5 39. Rd8+ Kg7 40. Rb8
Bc8 41. Kf2 Kf8 42. Ke3 Ke8 43. Kd4 Rc6 44. Nd5 Kd7 45. e5 h6 46. g4 h5 47.
gxh5 gxh5 48. f5 h4 49. Kc3 h3 50. e6+ fxe6 51. fxe6+ Rxe6 {RudiLenz resigns}
0-1

[Event "ICS Rated standard match"]
[Site "204.178.125.65"]
[Date "2000.06.05"]
[Round "?"]
[White "Hossa"]
[Black "sunlen"]
[Result "1/2-1/2"]
[WhiteElo "2367"]
[BlackElo "2167"]
[PlyCount "114"]
[EventDate "2000.??.??"]

1. e4 c5 2. Nf3 d6 3. c3 Nf6 4. Bc4 Nxe4 5. Qa4+ Nc6 6. Bxf7+ Kxf7 7. Qxe4 e5
8. d4 d5 9. Nxe5+ Nxe5 10. Qf4+ Qf6 11. dxe5 Qxf4 12. Bxf4 Be7 13. Nd2 Rf8 14.
Be3 g5 15. h4 gxh4 16. Nf3 h3 17. gxh3 Ke6 18. Ke2 b6 19. Bh6 Rf5 20. h4 d4 21.
Rh3 Ba6+ 22. Ke1 dxc3 23. bxc3 Bb7 24. Ng5+ Bxg5 25. hxg5 Rxe5+ 26. Kf1 Be4 27.
f4 Rd5 28. Rh2 Bg6 29. Bg7 Kf5 30. Be5 Rad8 31. Re1 Rd3 32. Bf6 R8d7 33. Rf2
Bh5 34. Re5+ Kg4 35. f5 Kg3 36. Re1 Rd1 37. Rg2+ Kh3 38. Rg1 Rxe1+ 39. Kxe1
Rd1+ 40. Kf2 Rxg1 41. Kxg1 Kg4 42. g6 hxg6 43. fxg6 Bxg6 44. Be5 Kf5 45. Bb8 a6
46. Ba7 b5 47. Bxc5 Ke4 48. Bd4 Kd3 49. Be5 Bf7 50. a3 Kc2 51. Kf2 Kb3 52. Bd6
Kxc3 53. Ke3 Kb3 54. Bc5 a5 55. Ke4 b4 56. Bxb4 axb4 57. axb4 Kxb4 1/2-1/2

[Event "ICS rated standard match"]
[Site "204.178.125.65"]
[Date "2000.06.05"]
[Round "?"]
[White "harimau"]
[Black "Hossa"]
[Result "1-0"]
[WhiteElo "2665"]
[BlackElo "2359"]
[PlyCount "131"]
[EventDate "2000.??.??"]

1. e4 e5 2. Nc3 Bc5 3. Nf3 d6 4. d4 exd4 5. Nxd4 Nf6 6. Bg5 O-O 7. Nd5 Nbd7 8.
b4 Bb6 9. f3 Qe8 10. Nxb6 axb6 11. Nb5 Qe5 12. Qc1 Nd5 13. Bd2 c6 14. c4 Nxb4
15. Bxb4 cxb5 16. cxb5 Nc5 17. Bc3 Qe7 18. Qd2 Be6 19. Be2 f5 20. exf5 Bc4 21.
f6 gxf6 22. Kf2 Qxe2+ 23. Qxe2 Bxe2 24. Kxe2 Ra3 25. Bb2 Ra5 26. Rhc1 Rxb5 27.
Rc2 Ra5 28. Bc3 Raa8 29. Rb1 Ra6 30. Rd1 b5 31. Rd5 Rfa8 32. Kf1 Kg7 33. Rcd2
Rxa2 34. Rxa2 Rxa2 35. Rxd6 Ra6 36. Bxf6+ Kf7 37. Rd5 Rc6 38. Bd4 b6 39. Rh5 h6
40. Bc3 Rd6 41. f4 Kg8 42. Ke2 Rg6 43. g3 Re6+ 44. Kf3 Rc6 45. Bb4 Kg7 46. Rf5
Ne6 47. Ke3 Nc5 48. h4 Kg8 49. g4 Re6+ 50. Kf3 Rc6 51. g5 Ne6 52. Kg3 Nd4 53.
Rf8+ Kg7 54. f5 Rc4 55. f6+ Kh7 56. Rf7+ Kg8 57. Rg7+ Kh8 58. f7 Nf5+ 59. Kg2
Rc2+ 60. Kf1 Nxg7 61. f8=Q+ Kh7 62. gxh6 Rc1+ 63. Ke2 Rc2+ 64. Kd1 Rc7 65. hxg7
Rd7+ 66. Ke2 {Hossa resigns} 1-0

[Event "ICS rated blitz match"]
[Site "204.178.125.65"]
[Date "2000.06.05"]
[Round "?"]
[White "Beadle"]
[Black "Hossa"]
[Result "1-0"]
[WhiteElo "2538"]
[BlackElo "2488"]
[PlyCount "129"]
[EventDate "2000.??.??"]

1. e4 e5 2. Nf3 Nc6 3. Bb5 a6 4. Ba4 d6 5. O-O Nf6 6. Bxc6+ bxc6 7. d4 Be7 8.
dxe5 Nxe4 9. Nbd2 Nxd2 10. Qxd2 O-O 11. Qc3 c5 12. Be3 Bg4 13. Nd2 Qd7 14. f3
Bf5 15. Ne4 Bxe4 16. fxe4 Rab8 17. exd6 cxd6 18. b3 Qb7 19. Rae1 Rbe8 20. Bf4
Qb6 21. Qg3 c4+ 22. Be3 Qa5 23. bxc4 Qc3 24. Rd1 Qxc2 25. Bh6 Bf6 26. Rxd6 Be5
27. Bf4 Bxd6 28. Bxd6 Qxc4 29. Bxf8 Rxf8 30. Qa3 Re8 31. Re1 h5 32. e5 Rb8 33.
Kh1 Kh7 34. Qf3 Qxa2 35. Qxh5+ Kg8 36. Qg4 a5 37. Kg1 Qd2 38. Qe4 Re8 39. Rf1
Qb2 40. Qd5 Qb6+ 41. Kh1 Qc7 42. Re1 a4 43. Qb5 Ra8 44. Rf1 a3 45. Qd5 Re8 46.
h3 Rd8 47. Qb3 Ra8 48. e6 fxe6 49. Qxe6+ Kh8 50. Qg6 Qc5 51. Rf7 Qd4 52. Rf5
Qd1+ 53. Kh2 Qe2 54. Rh5+ Kg8 55. Qh7+ Kf7 56. Rf5+ Ke6 57. Qg6+ Kd7 58. Rd5+
Ke7 59. Qxg7+ Ke8 60. Qd7+ Kf8 61. Rf5+ Kg8 62. Qf7+ Kh8 63. Rg5 Qxg2+ 64. Rxg2
Ra5 65. Qg7# {Hossa checkmated} 1-0

[Event "ICS rated standard match"]
[Site "204.178.125.65"]
[Date "2000.06.05"]
[Round "?"]
[White "Hossa"]
[Black "Beadle"]
[Result "0-1"]
[WhiteElo "2362"]
[BlackElo "2466"]
[PlyCount "132"]
[EventDate "2000.??.??"]

1. e4 c5 2. Nf3 d6 3. Nc3 Nf6 4. Be2 Nc6 5. O-O Qb6 6. Nd5 Nxd5 7. exd5 Nb4 8.
c4 g6 9. d4 Bg7 10. dxc5 dxc5 11. a3 Na6 12. Ra2 O-O 13. Bg5 Re8 14. b3 Bf5 15.
Re1 h6 16. Bf4 Bc3 17. Rf1 Bg7 18. Bg3 Rad8 19. Nh4 Bd7 20. Qc2 h5 21. Nf3 Bg4
22. h3 Bc8 23. Rd1 e6 24. Ng5 exd5 25. cxd5 Bd4 26. Bc4 Bf5 27. Qc1 Re7 28. Nf3
Ree8 29. Nxd4 cxd4 30. Qh6 Nc5 31. Bh4 Rc8 32. Rad2 d3 33. Kh1 a5 34. f3 Qd6
35. g4 hxg4 36. hxg4 Re2 37. Bf2 Bxg4 38. fxg4 Qf6 39. Rf1 Ne4 40. Rxe2 Qf3+
41. Kg1 Qxg4+ 42. Kh2 dxe2 43. Re1 Nxf2 44. Rxe2 Qxc4 45. Qxg6+ fxg6 46. bxc4
Ng4+ 47. Kg3 Rxc4 48. Re6 Kg7 49. Re7+ Kf6 50. Rxb7 Kf5 51. Kg2 Rd4 52. d6 Rd2+
53. Kg3 Rd3+ 54. Kg2 Rxa3 55. d7 Rd3 56. Ra7 Kf4 57. Rxa5 Rd2+ 58. Kf1 Nh2+ 59.
Ke1 Nf3+ 60. Kf1 Kg3 61. Rg5+ Nxg5 62. d8=Q Rxd8 63. Ke2 Nf3 64. Ke3 Rd2 65.
Ke4 Kf2 66. Kf4 Rd4# {Hossa checkmated} 0-1

[Event "ICS rated standard match"]
[Site "204.178.125.65"]
[Date "2000.06.05"]
[Round "?"]
[White "Hossa"]
[Black "bookbuilder"]
[Result "0-1"]
[WhiteElo "2360"]
[BlackElo "2485"]
[PlyCount "146"]
[EventDate "2000.??.??"]

1. e4 e6 2. Nf3 d5 3. exd5 exd5 4. Bb5+ c6 5. Be2 Bd6 6. d3 Ne7 7. O-O O-O 8.
Bg5 Re8 9. Nc3 h6 10. Bd2 Ng6 11. Re1 Qf6 12. Bf1 Rxe1 13. Qxe1 Bg4 14. Qe8+
Kh7 15. Be2 Bd7 16. Qe3 Bf4 17. Qc5 Na6 18. Qa3 Re8 19. Qb3 b5 20. Be1 Bd6 21.
Bd1 Nc5 22. Nxd5 Bxh2+ 23. Kf1 cxd5 24. Qc3 Qxc3 25. bxc3 Bf4 26. Rb1 a6 27.
Nd4 Ne7 28. Bf3 Kg6 29. a3 Ne6 30. Nb3 Bd6 31. Ra1 Kf6 32. Bd2 Kf5 33. Bh5 g6
34. Bf3 h5 35. Be3 Kf6 36. Bd2 Rc8 37. Kg1 Bf4 38. Be1 Be5 39. d4 Bd6 40. Bd1
Ng5 41. f3 Nf5 42. Bd2 Re8 43. Kf2 Bg3+ 44. Kg1 Ne3 45. Nc5 Bf5 46. Nxa6 Nc4
47. Bxg5+ Kxg5 48. f4+ Kxf4 49. Bf3 Nxa3 50. Nc7 Re1+ 51. Rxe1 Bxe1 52. Kf1
Nxc2 53. Ke2 Be4 54. Nxd5+ Bxd5 55. Bxd5 Bxc3 56. Bxf7 Nxd4+ 57. Kd3 Ba1 58.
Bxg6 h4 59. Kd2 b4 60. Ke1 Nf5 61. Bf7 Kg3 62. Kf1 Ne3+ 63. Ke2 Nxg2 64. Kd3 h3
65. Kc2 h2 66. Kb3 h1=Q 67. Ka4 Ne3 68. Ka5 Qb7 69. Be8 Bc3 70. Bb5 b3+ 71. Ka4
Qe4+ 72. Kxb3 Qb4+ 73. Ka2 Qb2# {Hossa checkmated} 0-1

[Event "ICS Rated standard match"]
[Site "204.178.125.65"]
[Date "2000.06.06"]
[Round "?"]
[White "PostModernist"]
[Black "Hossa"]
[Result "1-0"]
[WhiteElo "2432"]
[BlackElo "2334"]
[PlyCount "129"]
[EventDate "2000.??.??"]

1. e4 e6 2. d4 d5 3. Nc3 Bb4 4. e5 c5 5. dxc5 Nc6 6. Nf3 d4 7. a3 Ba5 8. b4
dxc3 9. bxa5 Qxd1+ 10. Kxd1 Nxa5 11. Nd4 Ne7 12. Nb5 O-O 13. Nxc3 Nac6 14. f4
Rd8+ 15. Bd3 Nd4 16. Rb1 Rb8 17. Be3 Ndf5 18. Ke2 Bd7 19. Rhd1 Bc6 20. Be4 Rxd1
21. Rxd1 Bxe4 22. Nxe4 Nd5 23. Bd2 Nh4 24. g3 Nf5 25. Rb1 Nd4+ 26. Kd3 Nc6 27.
Nd6 b6 28. c4 Nc7 29. cxb6 axb6 30. Be3 Na8 31. a4 f6 32. Ke4 f5+ 33. Kd3 g5
34. h3 h6 35. h4 Kg7 36. h5 Kg8 37. fxg5 Nxe5+ 38. Ke2 hxg5 39. c5 Nd7 40. cxb6
Naxb6 41. a5 Nd5 42. Rxb8+ Nxb8 43. Bxg5 Nc6 44. Nb7 Nc3+ 45. Kf3 Ne4 46. Bd8
Kg7 47. a6 Kh6 48. g4 Ng5+ 49. Kf4 Nf7 50. Bf6 Na7 51. Nd8 Nxd8 52. Bxd8 Nc6
53. Bg5+ Kg7 54. gxf5 exf5 55. Kxf5 Kh7 56. Be3 Nb4 57. a7 Nd5 58. a8=Q Ne7+
59. Ke6 Nf5 60. Kxf5 Kg7 61. h6+ Kf7 62. Qa7+ Kf8 63. Qg7+ Ke8 64. h7 Kd8 65.
h8=Q# {Hossa checkmated} 1-0

[Event "ICS rated blitz match"]
[Site "204.178.125.65"]
[Date "2000.06.06"]
[Round "?"]
[White "QueenMaxima"]
[Black "Hossa"]
[Result "1-0"]
[WhiteElo "2486"]
[BlackElo "2459"]
[PlyCount "93"]
[EventDate "2000.??.??"]

1. e4 e6 2. d4 d5 3. Nc3 Bb4 4. e5 Ne7 5. a3 Bxc3+ 6. bxc3 c5 7. Qg4 Nf5 8. Bd3
g6 9. Nf3 cxd4 10. cxd4 Qc7 11. O-O Nd7 12. Bd2 h5 13. Qg5 h4 14. Bxf5 Rh5 15.
Qxg6 fxg6 16. Bxg6+ Kf8 17. Bxh5 Qxc2 18. Bg4 Nb6 19. Bg5 Nc4 20. Bxh4 Qe4 21.
h3 Qd3 22. Rfd1 Qg6 23. Bf6 Bd7 24. Ng5 Re8 25. Rdc1 Qd3 26. Bh5 Rc8 27. Rd1
Qc3 28. Rac1 Qa5 29. Rb1 b5 30. Nh7+ Kg8 31. Ng5 Kf8 32. Rd3 Qa4 33. Rg3 Qc2
34. Bg6 Qxg6 35. Nxe6+ Bxe6 36. Rxg6 Nxa3 37. Rb3 Nc2 38. Rxb5 Nxd4 39. Rb7 a5
40. Rh6 Bg8 41. Bg7+ Ke8 42. Rh8 Rc1+ 43. Kh2 Rc7 44. Rxc7 Kd8 45. Ra7 Nf3+ 46.
gxf3 d4 47. Rxg8# {Hossa checkmated} 1-0

[Event "ICS rated standard match"]
[Site "204.178.125.65"]
[Date "2000.06.06"]
[Round "?"]
[White "Hossa"]
[Black "QueenMaxima"]
[Result "0-1"]
[WhiteElo "2322"]
[BlackElo "2358"]
[PlyCount "136"]
[EventDate "2000.??.??"]

1. d4 Nf6 2. c4 e6 3. Nf3 b6 4. g3 Ba6 5. b3 Bb4+ 6. Bd2 Be7 7. Nc3 O-O 8. e4
d5 9. cxd5 Bxf1 10. Kxf1 exd5 11. e5 Ne4 12. Qe2 Nxc3 13. Bxc3 c5 14. Kg2 Nc6
15. Rhd1 Rc8 16. Rac1 Qd7 17. dxc5 bxc5 18. Bb2 d4 19. Ba3 Qd5 20. Re1 a5 21.
Kg1 Nb4 22. Bxb4 axb4 23. Nd2 Ra8 24. Nc4 Qe6 25. f4 Ra7 26. Qg2 Qg6 27. Rc2
Rfa8 28. Rf1 Ra6 29. Rfc1 Qe6 30. h3 Qg6 31. Ra1 Kh8 32. Re2 R8a7 33. Nd6 Bxd6
34. exd6 h6 35. d7 Rxd7 36. Re8+ Kh7 37. Rf1 d3 38. f5 Qd6 39. Rd1 d2 40. Qf3
Rxa2 41. Kg2 Re7 42. Rxe7 Qxe7 43. Kf1 Qe5 44. Qd3 c4 45. Qxc4 Qxg3 46. Qg4
Qxb3 47. f6 g6 48. Ke2 Ra5 49. Rxd2 Re5+ 50. Kf1 Rg5 51. Kf2 Rxg4 52. hxg4 Qc4
53. Kf3 Qc3+ 54. Ke2 b3 55. Rd3 Qc4 56. Ke3 b2 57. Rd1 Qb3+ 58. Ke2 Qxd1+ 59.
Kxd1 b1=Q+ 60. Kd2 Qb4+ 61. Kc2 Qd4 62. g5 h5 63. Kb3 h4 64. Kc2 h3 65. Kb3 h2
66. Kc2 h1=Q 67. Kb3 Qb1+ 68. Ka3 Qdb4# {Hossa checkmated} 0-1